| 000 | 00559cam a2200193ua 4500 | ||
|---|---|---|---|
| 001 | 3626 | ||
| 008 | 111126n ii |||gr||||Z||||||eng | ||
| 040 | _cMAIN | ||
| 082 | _a920 | ||
| 100 |
_aGandhi, M. K., _eAuthor. |
||
| 245 | 1 | 1 |
_aAutobiography or the story of experiments with truth _cby M. K. Gandhi |
| 250 | _a2nd. | ||
| 260 |
_aAhmedabad: _bVajivan publishing house,948. |
||
| 300 |
_a640p: _c23cm. |
||
| 653 | _aAutobiography | ||
| 653 | _aAutobiography or the story of experiments with truth | ||
| 700 |
_aDesai, Mahadev, _eTranslator. |
||
| 942 | _cBK | ||
| 999 |
_c3467 _d3467 |
||